| 000 | 00321nam a2200133 i 4500 | ||
|---|---|---|---|
| 001 | bg | ||
| 100 | 1 | _aRONKOWSKI, R. | |
| 245 | 0 |
_aInformatyka w nowoczesnym przedsiębiorstwie / _cR. Ronkowski. |
|
| 260 |
_aWarszawa, _c1985. |
||
| 040 | _cBPK | ||
| 041 | _apol | ||
| 942 | _cKS | ||
| 008 | s pl f |000 0 pol | ||
| 999 |
_c2686 _d2686 |
||
| 856 |
_uhttp://koha.tu.koszalin.pl/cgi-bin/koha/opac-detail.pl?biblionumber=2686 _yKatalog online BPK |
||